Orientace na tvorbu hodnoty

Nové manažérske paradigma - orientácia na tvorbu hodnoty (shareholder value). Koncepcia, filozofia riadenia a hlavné predpoklady shareholder value. Hlavné predpoklady shareholder value. Argumenty pre koncepciu shareholder value. Špecifiká českej ekonomiky.

Gespeichert in:
Bibliographische Detailangaben
1. Verfasser: Neumaier, Ivan
Weitere Verfasser: Polách, Petr
Format: Buchkapitel
Sprache:Tschechisch
Schlagworte:
Tags: Tag hinzufügen
Keine Tags, Fügen Sie das erste Tag hinzu!

MARC

LEADER 00000naa a2200000 4500
001 r037186
005 20231002100645.6
041 0 |a cze 
044 |a CZ 
245 1 0 |a Orientace na tvorbu hodnoty  |c Ivan Neumaier, Petr Polách 
520 |a Nové manažérske paradigma - orientácia na tvorbu hodnoty (shareholder value). Koncepcia, filozofia riadenia a hlavné predpoklady shareholder value. Hlavné predpoklady shareholder value. Argumenty pre koncepciu shareholder value. Špecifiká českej ekonomiky. 
610 2 0 |a riadenie 
610 2 0 |a hodnota 
610 2 0 |a rentabilita 
610 2 0 |a imanie vlastné 
610 2 0 |a kapitál vlastný 
610 2 0 |a riziko podnikateľské 
610 2 0 |a Česko 
100 1 |a Neumaier, Ivan 
700 1 |a Polách, Petr